[Event "EYCC 2017"]
[Site "Mamaia"]
[Date "2017.09.05"]
[Round "1"]
[White "Posuniak, Weronika"]
[Black "Kubicka, Anna"]
[Result "0-1"]
[WhiteElo "1833"]
[BlackElo "2226"]
[Annotator "TA"]
[PlyCount "74"]
[EventDate "2017.??.??"]
[EventType "swiss"]
[EventCountry "ROU"]
[SourceTitle "playchess.com"]
[Source "ChessBase"]
[SourceQuality "1"]

{[%evp 10,74,11,8,19,0,12,-31,-15,-45,-26,-47,8,-8,-20,-9,0,0,8,0,35,14,41,22,45,38,50,0,-2,-10,43,4,14,13,25,-8,-19,-59,-34,-80,-74,-161,-161,-194,-189,-439,-487,-416,-248,-247,-243,-360,-325,-370,-355,-336,-347,-431,-427,-395,-419,-394,-375,-3067,-2941,-29998,-29999]} 1. d4 Nf6 2. c4 c5 3. d5 e6 4. Nc3 exd5 5. Nxd5 Nxd5 6. cxd5 d6 {A60: Modern Benoni: Early Divergences} 7. e4 (7. g3 Be7 8. Bg2 O-O 9. e4 f5 10. exf5 Bxf5 11. Ne2 Nd7 12. O-O Nf6 13. Nf4 Qd7 14. Re1 {½-½ (40) Gombocz,Z (2064)-Teglas,B (2255) Hungary 2014}) 7... g6 8. Bd2 (8. Nf3 {with more complications.} Bg7 9. Bg5 f6 10. Bd2 O-O 11. Bd3) 8... Bg7 {Black is slightly better.} 9. Bc3 Bxc3+ 10. bxc3 Qa5 $146 (10... O-O $15) ({Predecessor:} 10... O-O 11. Bd3 Re8 12. Ne2 b5 13. O-O Nd7 14. f3 {½-½ (61) Magyar,J (2065)-Banhazi,I (2077) Hungary 2004}) 11. Qb3 O-O 12. Nf3 $36 {[%mdl 2048] White has good play.} Re8 13. Nd2 a6 14. Be2 b5 15. O-O Nd7 16. a4 {[%cal Ra4b5]} b4 17. cxb4 cxb4 18. Rfb1 (18. Rab1 $14) 18... Rb8 $11 19. Qg3 Ne5 ({Better is} 19... Qc7 $11) 20. Nb3 Qb6 21. a5 Qa7 22. Kh1 f5 23. exf5 Bxf5 24. Rc1 Be4 25. f4 {[#]} (25. Kg1 $17 {is a better defense.}) 25... Nf7 $1 $19 {[%cal Be5f7,Bf7h6,Bh6f5][%mdl 32]} 26. Bc4 Nh6 {White must now prevent ...Nf5.} 27. Re1 $2 (27. Nd2 {might work better.}) 27... Nf5 28. Qh3 Qf2 (28... Rbc8 $142 29. Nd2 Bc2) 29. Re2 Qxf4 30. Rae1 (30. Bxa6 $142 Re5 31. Bd3) 30... Re5 31. Bxa6 Bxd5 {[#] aiming for ...Rxe2.} 32. Rxe5 dxe5 {[%cal Bd6e5,Be5e4][%mdl 32]} 33. Qd3 Rd8 34. Kg1 e4 35. Qc2 e3 36. Nc1 $2 (36. Bd3 Qf2+ 37. Qxf2 exf2+ 38. Kxf2 Bxb3 39. Bxf5) 36... Nd4 37. Qd1 Qf2+ {Precision: White = 24%, Black = 64%.} 0-1

[Event "EYCC 2017"]
[Site "Mamaia"]
[Date "2017.09.05"]
[Round "1"]
[White "Pawicka, Magdalena"]
[Black "Muradyan, Anahit"]
[Result "1-0"]
[WhiteElo "1790"]
[BlackElo "1306"]
[Annotator "NA RC"]
[PlyCount "133"]
[EventDate "2017.??.??"]
[EventType "swiss"]
[EventCountry "ROU"]
[SourceTitle "playchess.com"]
[Source "ChessBase"]
[SourceQuality "1"]
[TimeControl "40/5400+30:1800+30"]

1. e4 {[%emt 0:00:00]} e6 {[%emt 0:00:10]} 2. d4 {[%emt 0:00:00]} d5 {[%emt 0:00:09]} 3. Nc3 {[%emt 0:00:10]} Bb4 {[%emt 0:00:08]} 4. e5 {[%emt 0:00:29]} c5 {[%emt 0:00:29]} 5. a3 {[%emt 0:00:32]} Bxc3+ {[%emt 0:00:19]} 6. bxc3 {[%emt 0:00:29]} Ne7 {[%emt 0:00:10]} 7. Qg4 {[%emt 0:06:11]} O-O {[%emt 0:01:18]} 8. Bd3 {[%emt 0:08:33]} c4 {[%emt 0:03:25]} 9. Be2 {[%emt 0:01:59]} Nbc6 {[%emt 0:01:46]} 10. Nf3 {[%emt 0:08:01]} Qa5 {[%emt 0:05:35]} 11. Bd2 {[%emt 0:00:55]} Qa4 {[%emt 0:01:37]} 12. Kd1 {[%emt 0:08:42]} f6 {[%emt 0:01:56]} 13. h4 {[%emt 0:16:30]} fxe5 {[%emt 0:02:24]} 14. dxe5 {[%emt 0:00:15]} Qa5 {[%emt 0:11:18]} 15. h5 {[%emt 0:03:30]} Qb6 {[%emt 0:02:28]} 16. Be3 {[%emt 0:03:08]} Qc7 {[%emt 0:02:12]} 17. Bd4 {[%emt 0:02:36]} Nxd4 {[%emt 0:09:53]} 18. cxd4 {[%emt 0:00:19]} h6 {[%emt 0:00:17]} 19. Rh3 {[%emt 0:04:41]} Nf5 {[%emt 0:07:44]} 20. Nh4 {[%emt 0:03:03]} Nxh4 {[%emt 0:01:35]} 21. Qxh4 {[%emt 0:00:21]} Bd7 {[%emt 0:02:56]} 22. Rf3 {[%emt 0:04:38]} Rxf3 {[%emt 0:01:51]} 23. Bxf3 {[%emt 0:01:05]} Qb6 {[%emt 0:01:00]} 24. Kc1 {[%emt 0:04:14]} Qd8 {[%emt 0:03:06]} 25. Qxd8+ {[%emt 0:01:04]} Rxd8 {[%emt 0:00:07]} 26. Kd2 {[%emt 0:01:06]} Rf8 {[%emt 0:00:59]} 27. Ke3 {[%emt 0:00:40]} Kh7 {[%emt 0:01:01]} 28. Rh1 {[%emt 0:04:03]} g6 {[%emt 0:01:27]} 29. hxg6+ {[%emt 0:01:09]} Kxg6 {[%emt 0:00:11]} 30. Rh3 {[%emt 0:00:31]} Rf5 {[%emt 0:06:19]} 31. Bg4 {[%emt 0:02:47]} Rg5 {[%emt 0:02:38]} 32. Bf3 {[%emt 0:01:39]} Kh7 {[%emt 0:00:51]} 33. Rh4 {[%emt 0:01:41]} a5 {[%emt 0:01:39]} 34. Rf4 {[%emt 0:00:51]} b5 {[%emt 0:01:26]} 35. Rf8 {[%emt 0:03:52]} Rg8 {[%emt 0:01:02]} 36. Rxg8 {[%emt 0:00:58]} Kxg8 {[%emt 0:00:05]} 37. Kd2 {[%emt 0:00:20]} b4 {[%emt 0:00:20]} 38. axb4 {[%emt 0:00:30]} axb4 {[%emt 0:00:05]} 39. Bg4 {[%emt 0:02:03]} Kg7 {[%emt 0:00:41]} 40. Kc1 {[%emt 0:00:00]} Kg6 {[%emt 0:00:20]} 41. f4 {[%emt 0:05:18]} Kf7 {[%emt 0:00:20]} 42. Bh5+ {[%emt 0:01:16]} Ke7 {[%emt 0:00:06]} 43. Bf3 {[%emt 0:02:59]} Bc6 {[%emt 0:00:46]} 44. Bg4 {[%emt 0:00:32]} Be8 {[%emt 0:01:09]} 45. Kb2 {[%emt 0:01:34]} Bg6 {[%emt 0:00:29]} 46. Kc1 {[%emt 0:00:43]} Kd7 {[%emt 0:01:04]} 47. Kb2 {[%emt 0:00:19]} Bf7 {[%emt 0:00:28]} 48. Ka2 {[%emt 0:01:34]} Kc6 {[%emt 0:00:24]} 49. Kb2 {[%emt 0:00:31]} Kb5 {[%emt 0:01:12]} 50. Bh3 {[%emt 0:01:14]} h5 {[%emt 0:01:54]} 51. g4 {[%emt 0:01:30]} hxg4 {[%emt 0:00:41]} 52. Bxg4 {[%emt 0:00:08]} Ka4 {[%emt 0:00:34]} 53. f5 {[%emt 0:00:50]} exf5 {[%emt 0:02:25]} 54. Bxf5 {[%emt 0:00:18]} Kb5 {[%emt 0:01:31]} 55. Bd7+ {[%emt 0:00:15]} Kb6 {[%emt 0:00:46]} 56. e6 {[%emt 0:00:08]} Bxe6 {[%emt 0:00:12]} 57. Bxe6 {[%emt 0:00:06]} Kc6 {[%emt 0:00:03]} 58. Bg8 {[%emt 0:00:09]} Kd6 {[%emt 0:00:06]} 59. Kc1 {[%emt 0:01:10]} Kc6 {[%emt 0:00:19]} 60. Kd2 {[%emt 0:00:23]} Kd6 {[%emt 0:00:18]} 61. Ke3 {[%emt 0:00:57]} Kc6 {[%emt 0:00:12]} 62. Kf4 {[%emt 0:00:30]} c3 {[%emt 0:00:35]} 63. Bh7 {[%emt 0:01:07]} Kd6 {[%emt 0:00:15]} 64. Bd3 {[%emt 0:00:21]} Ke6 {[%emt 0:00:10]} 65. Kg5 {[%emt 0:00:41]} Kd6 {[%emt 0:00:32]} 66. Kf6 {[%emt 0:00:11]} Kc6 {[%emt 0:00:05]} 67. Ke6 {[%emt 0:00:06]} 1-0

[Event "EYCC 2017"]
[Site "Mamaia"]
[Date "2017.09.05"]
[Round "1"]
[White "Alexandru, Stefan"]
[Black "Royal, Shreyas"]
[Result "1-0"]
[WhiteElo "1777"]
[BlackElo "1724"]
[Annotator "NA RC"]
[PlyCount "67"]
[EventDate "2017.??.??"]
[EventType "swiss"]
[EventCountry "ROU"]
[SourceTitle "playchess.com"]
[Source "ChessBase"]
[SourceQuality "1"]
[TimeControl "40/5400+30:1800+30"]

1. d4 {[%emt 0:00:00]} Nf6 {[%emt 0:00:20]} 2. c4 {[%emt 0:00:13]} g6 {[%emt 0:00:07]} 3. Nc3 {[%emt 0:00:20]} Bg7 {[%emt 0:00:14]} 4. e4 {[%emt 0:00:35]} d6 {[%emt 0:00:20]} 5. Nge2 {[%emt 0:00:44]} Nbd7 {[%emt 0:00:14]} 6. Ng3 {[%emt 0:01:12]} O-O {[%emt 0:00:33]} 7. Be2 {[%emt 0:00:51]} e5 {[%emt 0:00:32]} 8. d5 {[%emt 0:00:31]} Nc5 {[%emt 0:01:07]} 9. h4 {[%emt 0:00:26]} h5 {[%emt 0:01:03]} 10. Bg5 {[%emt 0:00:24]} Qd7 {[%emt 0:01:40]} 11. Qd2 {[%emt 0:01:16]} Re8 {[%emt 0:00:52]} 12. b4 {[%emt 0:01:31]} Na6 {[%emt 0:00:21]} 13. a3 {[%emt 0:00:10]} c6 {[%emt 0:01:58]} 14. dxc6 {[%emt 0:00:30]} bxc6 {[%emt 0:01:36]} 15. Rd1 {[%emt 0:01:50]} Re6 {[%emt 0:02:05]} 16. c5 {[%emt 0:01:34]} d5 {[%emt 0:02:34]} 17. exd5 {[%emt 0:00:13]} cxd5 {[%emt 0:01:06]} 18. Bxf6 {[%emt 0:00:16]} d4 {[%emt 0:00:53]} 19. Bxg7 {[%emt 0:00:22]} Kxg7 {[%emt 0:01:01]} 20. Nce4 {[%emt 0:00:25]} Bb7 {[%emt 0:01:55]} 21. b5 {[%emt 0:00:35]} Nc7 {[%emt 0:01:08]} 22. c6 {[%emt 0:00:07]} Bxc6 {[%emt 0:00:51]} 23. bxc6 {[%emt 0:00:06]} Qxc6 24. Bf3 Re7 {[%emt 0:13:18]} 25. Rc1 {[%emt 0:01:24]} Qa6 {[%emt 0:04:29]} 26. Nc5 {[%emt 0:01:45]} Qxa3 {[%emt 0:01:43]} 27. Bxa8 {[%emt 0:00:06]} Nxa8 28. O-O Rc7 {[%emt 0:01:15]} 29. Nge4 {[%emt 0:01:08]} f5 {[%emt 0:00:27]} 30. Ne6+ {[%emt 0:00:04]} Kh7 31. N4g5+ Kh6 {[%emt 0:05:28]} 32. Nxc7 {[%emt 0:00:36]} Nxc7 {[%emt 0:00:13]} 33. Rxc7 {[%emt 0:00:05]} Qd6 {[%emt 0:01:25]} 34. Rh7# 1-0

[Event "EYCC 2017"]
[Site "Mamaia"]
[Date "2017.09.05"]
[Round "1"]
[White "Antal, Hunor-Zoltan"]
[Black "Murzin, Volodar"]
[Result "1-0"]
[WhiteElo "1765"]
[BlackElo "2280"]
[Annotator "TA"]
[PlyCount "77"]
[EventDate "2017.??.??"]
[EventType "swiss"]
[EventCountry "ROU"]
[SourceTitle "playchess.com"]
[Source "ChessBase"]
[SourceQuality "1"]

{[%evp 24,77,21,16,20,-79,-90,-83,-88,-92,-89,-123,-140,-133,-126,-299,-299,-289,-292,-291,-291,-279,-283,-290,-287,-318,-317,-308,-300,-294,-281,-300,-300,-385,-384,-384,-383,-377,-377,-427,-427,-1425,-851,-6077,-6071,-5289,-5289,-5285,-4698,-29976,-29977,-29970,-6095,-5316,-5181,-2306]} 1. d4 Nf6 2. Nf3 g6 3. c4 Bg7 4. g3 c6 5. Bg2 d5 6. cxd5 cxd5 7. Nc3 O-O 8. O-O Nc6 9. Ne5 Bf5 10. Nxc6 bxc6 11. Bf4 Rc8 {D79: Fianchetto Grünfeld: Symmetrical Variation (6 0-0 c6 7 cxd5 cxd5)} (11... Nd7 12. Qd2 Qb6 13. Rfd1 Rfe8 14. Rac1 e5 15. dxe5 Nxe5 16. b3 Ng4 17. Rf1 Qa6 18. h3 Nf6 19. e3 Be4 {½-½ (52) Petrosian,T (2595)-Nyzhnyk,I (2612) Las Vegas 2017}) 12. Na4 Nd7 13. Rc1 {LiveBook: 3 Games} Re8 {The position is equal.} 14. Nc5 {[#]} (14. b3 $11 {remains equal.}) 14... Nxc5 $1 $17 15. Rxc5 {[#]} Qb6 $1 16. Be3 $146 ({Predecessor:} 16. Bc1 e5 17. e3 exd4 18. exd4 Qb4 19. Be3 {½-½ (44) Aulinger,R-Liepold,S (2270) Fuerth 1999}) 16... Qxb2 17. Qa4 Qxe2 18. Rfc1 h5 19. Bxd5 $2 (19. Bf1 $17 {keeps fighting.} Qb2 20. Rxc6) 19... cxd5 $19 20. Rxc8 Rxc8 21. Rxc8+ Bxc8 22. Qe8+ Kh7 {( -> ...Bh3)} 23. Qxc8 Qxa2 24. Qe8 Qb1+ 25. Kg2 Qe4+ 26. Kg1 Qe6 ({Not} 26... Bxd4 27. Bxd4 Qxd4 28. Qxf7+ Qg7 29. Qxd5 $15) 27. Qa4 a6 28. Qa5 {[#]} h4 $1 29. gxh4 {[#]} Bxd4 $1 {[%mdl 512]} 30. Bxd4 Qg4+ 31. Kh1 Qxd4 32. Qxa6 (32. Kg2 $142) 32... Qxf2 {[%mdl 4096] Endgame KQ-KQ} 33. Qb5 d4 34. h5 Qf3+ 35. Kg1 Qxh5 36. Qe8 Qg4+ 37. Kf2 Qf5+ (37... Qf4+ $142 38. Ke1 e5 39. Qd7 Kg7 40. Qd5 Qxh2 41. Kf1 Qh3+ 42. Ke2 Qe3+ 43. Kd1 e4 44. Qe5+ Kh6 45. Qh2+ Kg5 46. Qe5+ f5 47. Qh2 Qd3+ 48. Kc1 Qf1+ 49. Kc2 e3 50. Qd6 e2 51. Qd8+ Kg4 52. Qxd4+ f4 53. Qd7+ Kg3 54. Qd3+ Qf3 55. Qxf3+ Kxf3 56. Kd3 Kf2 57. Kc4 f3 58. Kd5 e1=Q 59. Kd6 Kg2 60. Kc6 f2 61. Kc7 f1=Q 62. Kd7 Qb5+ 63. Kc8 Qe6+ 64. Kd8 Qed7#) 38. Ke2 e5 39. Ke1 {[%mdl 32768] Precision: White = 33%, Black = 88%. . Sensor Board Error (Ke4/e5)?} 1-0

[Event "EYCC 2017"]
[Site "Mamaia"]
[Date "2017.09.05"]
[Round "1"]
[White "Kristoferitsch, Daniel"]
[Black "Tsvetkov, Andrey"]
[Result "0-1"]
[WhiteElo "1743"]
[BlackElo "2219"]
[Annotator "TA"]
[PlyCount "72"]
[EventDate "2017.??.??"]
[EventType "swiss"]
[EventCountry "ROU"]
[SourceTitle "playchess.com"]
[Source "ChessBase"]
[SourceQuality "1"]

{[%evp 9,71,12,39,12,27,-7,29,22,33,-26,-31,-22,-39,-36,4,7,37,0,3,-8,10,10,28,18,26,12,21,20,25,0,8,4,5,-8,23,19,14,20,17,11,14,-44,-28,-56,-52,-236,-235,-236,-223,-314,-317,-334,-330,-351,-230,-316,-318,-312,-288,-1429,-1418,-29997,-29998,-29999]} 1. d4 d5 2. c4 c6 3. Nf3 Nf6 4. Nbd2 Bf5 5. Nh4 Bg4 {LiveBook: 14 Games} (5... Be4 $5) (5... Be4 6. f3 Bg6 7. Qb3 Qb6 8. cxd5 cxd5 9. Qxb6 axb6 10. Nxg6 hxg6 11. e3 Nc6 12. Kf2 e6 {½-½ (54) Anton Guijarro,D (2654)-Mamedov,N (2589) Kocaeli 2017}) 6. Qb3 {D11: Slav Defence: 3 Nf3 sidelines and 3...Nf6 4 e3 Bg4} Qc7 7. g3 e6 8. Bg2 $146 {White has an edge.} ({Predecessor:} 8. h3 Bh5 9. g4 Bg6 10. Bg2 Be7 11. Nxg6 hxg6 12. e4 dxe4 13. Nxe4 Nxe4 14. Bxe4 {0-1 (62) Chojnacki,K (2437)-Hnydiuk,A (2432) Police 2011}) 8... Nbd7 9. e4 (9. h3 $14 Bh5 10. cxd5 cxd5 11. Ndf3) 9... dxe4 $11 10. Nxe4 Nxe4 11. Bxe4 Nf6 12. Bg2 Rd8 13. O-O Rxd4 14. Be3 Rd7 15. Bxa7 Be7 16. Bb6 Qb8 17. Nf3 O-O 18. Rfe1 Bd6 19. Rad1 (19. a4 {keeps more tension.} Re8 20. a5 e5 21. Ng5 h6 22. Ne4) 19... Bc7 20. Rxd7 Nxd7 21. Be3 e5 22. h3 Bh5 {[%cal Bg4h5,Bh5g6,Bg6c2][%mdl 32]} 23. g4 Bg6 24. Rd1 Nf6 25. Rd2 (25. Nh4 $11) 25... h6 $15 26. Qd1 Ba5 {And now ...e4 would win.} 27. Rd6 $2 {[#]} ({White should try} 27. Bc5 $1 $15 Bxd2 28. Bxf8) 27... Bc2 $1 $19 {[%cal Rc2d1][%mdl 512]} 28. Qxc2 {Hoping for c5.} Qxd6 29. a3 (29. Qa4 $142 Bc7 30. c5) 29... Rd8 30. Bf1 Bc7 31. Nd2 Bb6 32. Ne4 {[#]} Nxe4 $1 33. Bxb6 Ng5 {...Nf3+ is the strong threat.} 34. Bxd8 $2 {[#]} (34. f4 exf4 35. Bxd8 Qxd8 36. Qf2) 34... Nf3+ $1 35. Kh1 e4 $1 36. Qxe4 Qh2# {Precision: White = 23%, Black = 54%.} 0-1

[Event "EYCC 2017"]
[Site "Mamaia"]
[Date "2017.09.05"]
[Round "1"]
[White "Rubsamen, Anais"]
[Black "Berdnyk, Mariia"]
[Result "0-1"]
[WhiteElo "1738"]
[BlackElo "2055"]
[Annotator "NA RC"]
[PlyCount "70"]
[EventDate "2017.??.??"]
[EventType "swiss"]
[EventCountry "ROU"]
[SourceTitle "playchess.com"]
[Source "ChessBase"]
[SourceQuality "1"]
[TimeControl "40/5400+30:1800+30"]

1. Nf3 {[%emt 0:00:00]} c5 {[%emt 0:00:03]} 2. g3 {[%emt 0:01:15]} Nc6 {[%emt 0:00:04]} 3. d3 {[%emt 0:01:15]} d5 {[%emt 0:00:29]} 4. Nbd2 {[%emt 0:03:41]} e5 {[%emt 0:00:41]} 5. Bg2 {[%emt 0:04:39]} Nf6 {[%emt 0:02:33]} 6. e4 {[%emt 0:00:26]} d4 {[%emt 0:00:45]} 7. O-O {[%emt 0:07:34]} Bd6 {[%emt 0:00:51]} 8. Nc4 {[%emt 0:18:31]} Bc7 {[%emt 0:00:24]} 9. a4 {[%emt 0:07:20]} Be6 {[%emt 0:12:37]} 10. Na3 {[%emt 0:17:25]} a6 {[%emt 0:07:46]} 11. Bd2 {[%emt 0:11:30]} h6 {[%emt 0:05:30]} 12. h3 {[%emt 0:06:02]} O-O {[%emt 0:06:18]} 13. Ne1 {[%emt 0:02:42]} Qd7 {[%emt 0:05:29]} 14. Kh2 {[%emt 0:00:16]} Nh7 {[%emt 0:01:03]} 15. f4 {[%emt 0:02:48]} f5 {[%emt 0:02:26]} 16. exf5 {[%emt 0:10:27]} Rxf5 {[%emt 0:01:27]} 17. Be4 {[%emt 0:00:45]} Rf6 {[%emt 0:06:28]} 18. f5 {[%emt 0:00:53]} Bxf5 {[%emt 0:04:47]} 19. Bxf5 {[%emt 0:00:06]} Rxf5 {[%emt 0:01:30]} 20. Qg4 {[%emt 0:00:12]} Rf7 {[%emt 0:04:10]} 21. Qxd7 {[%emt 0:01:03]} Rxd7 {[%emt 0:00:03]} 22. Nf3 {[%emt 0:00:29]} Rf8 {[%emt 0:00:56]} 23. Rae1 {[%emt 0:01:18]} Rdf7 {[%emt 0:02:46]} 24. Kg2 {[%emt 0:00:10]} Nf6 {[%emt 0:01:45]} 25. Nc4 {[%emt 0:01:10]} Nd5 {[%emt 0:00:31]} 26. Rf2 {[%emt 0:00:26]} b5 {[%emt 0:03:06]} 27. axb5 {[%emt 0:00:19]} axb5 {[%emt 0:00:04]} 28. Na3 {[%emt 0:00:04]} Ba5 {[%emt 0:00:36]} 29. Bxa5 {[%emt 0:00:22]} Ne3+ {[%emt 0:00:18]} 30. Kg1 {[%emt 0:01:14]} Nxa5 {[%emt 0:00:22]} 31. Ree2 {[%emt 0:00:37]} Rxf3 {[%emt 0:00:12]} 32. Rxf3 {[%emt 0:00:20]} Rxf3 {[%emt 0:00:05]} 33. Kh2 {[%emt 0:00:06]} b4 {[%emt 0:00:39]} 34. Nb5 {[%emt 0:00:35]} c4 {[%emt 0:00:30]} 35. dxc4 {[%emt 0:00:47]} b3 {[%emt 0:01:07]} 0-1

[Event "EYCC 2017"]
[Site "Mamaia"]
[Date "2017.09.05"]
[Round "1"]
[White "Priseajniuc, Andrei"]
[Black "Borhy, Marcell"]
[Result "1/2-1/2"]
[WhiteElo "1732"]
[BlackElo "2199"]
[Annotator "TA"]
[PlyCount "106"]
[EventDate "2017.??.??"]
[EventType "swiss"]
[EventCountry "ROU"]
[SourceTitle "playchess.com"]
[Source "ChessBase"]
[SourceQuality "1"]

{[%evp 12,106,5,4,35,6,22,-3,47,35,41,34,52,32,34,22,28,0,0,-45,30,12,27,32,18,20,11,0,2,3,33,0,0,-20,-35,-31,-22,-24,-24,-18,-19,-18,-35,-96,-124,-122,-106,-92,-73,-73,-73,-73,-25,-98,-18,-113,-131,-327,-234,-326,-321,-312,0,-266,0,-308,-250,-291,-182,-230,0,-235,0,-174,-24,-43,-38,-244,-135,-174,-100,-79,0,0,184,184,179,168,116,26,26,26,26,26,26,-29990,-29991]} 1. e4 c5 2. Nc3 Nc6 3. f4 d6 4. Nf3 Nf6 5. Bb5 Bd7 6. d3 {B23: Closed Sicilian: Lines without g3} (6. e5 dxe5 7. fxe5 Ng4 8. Qe2 e6 9. d3 h5 10. h3 Nh6 11. Bxh6 Rxh6 12. O-O-O Nd4 13. Bxd7+ Qxd7 {1-0 (26) Zhao,J (2589)-Zhou,J (2607) China 2013}) 6... e6 7. O-O {LiveBook: 7 Games} Qb6 8. Bxc6 {White is slightly better.} Bxc6 9. Qe2 $146 ({Predecessor:} 9. Qe1 Be7 10. e5 Nd7 11. exd6 Bxd6 12. f5 O-O-O 13. fxe6 fxe6 14. Ng5 c4+ 15. Kh1 Ne5 16. Nxe6 Rde8 17. d4 Rxe6 18. d5 Rg6 {½-½ (18) Bryn,A (2071)-Hadzialic,B (1924) Sarajevo 2015}) 9... O-O-O 10. e5 Nd5 11. Ne4 Qc7 12. Bd2 dxe5 13. fxe5 h6 $1 14. Qf2 b6 15. c3 {[%cal Bc2c3,Bc3c4][%mdl 32]} Qb7 (15... f5 $15 16. exf6 Nxf6) 16. Qg3 f5 (16... Ne7 $5 {[%cal Re7f5]}) 17. Nd6+ $1 Bxd6 $1 18. exd6 g5 19. c4 Nb4 20. Bxb4 cxb4 21. Qe5 Qd7 22. c5 (22. Rae1 {seems wilder.} Rhe8 23. Nd4 Qxd6 24. Qxd6 Rxd6 25. Nxc6 Rxc6 26. Rxf5 exf5 27. Rxe8+ Kd7 28. Ra8) 22... bxc5 23. Qxc5 Qxd6 24. Qxa7 Bxf3 25. Rxf3 {Rc1+ would kill now.} Qd4+ 26. Qxd4 Rxd4 $11 {[%mdl 4096] Endgame KRR-KRR} 27. Rc1+ (27. a3 $15) 27... Kd7 $17 28. Rc4 Rxc4 29. dxc4 {KR-KR} Kd6 30. Rd3+ Kc5 31. b3 f4 32. h3 (32. g3 $1 $11 {remains equal.}) 32... h5 ({Black should try} 32... Re8 $17) 33. Kf2 (33. g3 $1 $11) 33... g4 34. h4 $2 (34. Rd2 $17 {was worth a try.}) 34... Rg8 35. Rd7 Ra8 36. Rd2 Rg8 37. Rd7 $1 Ra8 38. Rd2 Ra7 39. Ke2 Re7 40. Kf2 Ra7 41. Ke2 $1 Re7 42. Kf2 $1 e5 ({Black should play} 42... Rc7 $19 43. Ke2 Kc6) 43. Rd5+ Kc6 44. Ke2 $2 (44. Kf1 $1 $15) 44... e4 (44... Ra7 $19 45. Rd2 Ra8) 45. Rxh5 {[#]} f3+ $1 46. gxf3 exf3+ (46... gxf3+ $17 47. Ke1 Kd6) 47. Kf1 $11 g3 $2 (47... Ra7 $11 {and Black has nothing to worry.}) 48. Rg5 $18 Re2 {And now ...g2+ would win.} 49. Rxg3 {Strongly threatening Rh3.} Rxa2 {[#]} 50. Rh3 ({Better is} 50. h5 $1 $16 {aiming for Rh3.} Kc5 51. Rxf3) 50... Rb2 $11 51. Rxf3 {Threatens to win with Rh3.} Rh2 52. h5 Rxh5 53. Rh3 $2 {[%mdl 8192]} (53. Kf2 $11) 53... Rxh3 {[%mdl 32768] Precision: White = 30%, Black = 46%. . An unexpected result.} 1/2-1/2

[Event "EYCC 2017"]
[Site "Mamaia"]
[Date "2017.09.05"]
[Round "1"]
[White "Gamsa, Clemens"]
[Black "Oglaza, Oskar"]
[Result "0-1"]
[WhiteElo "1731"]
[BlackElo "2185"]
[Annotator "TA"]
[PlyCount "60"]
[EventDate "2017.??.??"]
[EventType "swiss"]
[EventCountry "ROU"]
[SourceTitle "playchess.com"]
[Source "ChessBase"]
[SourceQuality "1"]

{[%evp 13,60,15,19,-32,-29,-30,-25,-30,12,8,17,0,7,-7,0,-14,-21,-20,-18,-77,-55,-71,-51,-50,-34,-36,-39,-40,-29,-108,-37,-34,-43,-52,-61,-85,-45,-30,-37,-166,-166,-348,-338,-357,-353,-815,-376,-822,-804]} 1. e4 c5 2. Nf3 e6 3. c3 d5 4. exd5 Qxd5 5. d4 Nf6 6. Na3 Qd8 7. Nc2 Be7 {LiveBook: 77 Games} 8. dxc5 $146 {B22: Sicilian: 2 c3} (8. Bd3 $11) ({Find the theoretical novelty and annotate with similar games:} 8. Bd3 Nbd7 9. O-O O-O 10. Bf4 b6 11. Qe2 Bb7 12. Rad1 Qc8 13. Rfe1 Rd8 14. Ne5 Nxe5 15. Bxe5 Qc6 16. f3 {1-0 (47) Tiviakov,S (2662)-Milliet,S (2377) Jakarta 2015}) 8... Qxd1+ $15 9. Kxd1 Bxc5 10. Be3 {Black has an edge.} Bxe3 11. Nxe3 Ke7 12. Bd3 b6 13. Nd2 Bb7 14. f3 Rd8 15. Kc2 Nc6 16. Nec4 (16. a3 $11 {remains equal.}) 16... Rac8 {[#] And now ...b5 would win.} 17. a4 Ba6 {...Rxd3! is the strong threat.} 18. Bf1 Nd5 19. Re1 b5 20. axb5 Bxb5 21. Ne3 (21. Kc1 $11) 21... Ba4+ (21... Ncb4+ $17 22. Kb3 Nxe3 23. Rxe3 Nd5) 22. Kc1 Na5 $36 {[%mdl 2048] Black is more active.} 23. Nxd5+ Rxd5 24. Re4 Nb3+ 25. Nxb3 Bxb3 {[%csl Gb3][%cal Rd5d1] [#]} 26. Ba6 (26. Be2 $15) 26... Rcd8 $19 {( -> ...Rd1+)} 27. Be2 $2 (27. Rd4 {is the only way for White.}) 27... Ra5 {[%cal Ra5a1]} 28. Kb1 Rd2 29. Bc4 $2 (29. f4) 29... Bc2+ 30. Kc1 Rxg2 {Precision: White = 30%, Black = 74%.} 0-1